Movies That Start With "A" by Picture - Statistics

General Stats
  • This quiz has been taken 336 times
  • The average score is 8 of 11
Answer Stats
Picture Answer % Correct
Aladdin
97%
Avengers, the
88%
Alice in Wonderland
87%
Ant-Man
83%
Alien
82%
Avatar
80%
Ace Ventura: Pet Detective
74%
American Psycho
72%
Amazing Spider-Man, The
68%
Air
67%
Apocalypse Now
48%
No matching quizzes found
Score Distribution
Percent of People with Each Score
Percentile by Number Answered
Your Score History
You have not taken this quiz